000 00560nam a2200169 u 4500
001 000041757
005 20201002035733.0
008 100825s1981 dr r 000 0 spa d
040 _aDO-SdBNP
_bspa
_cBNPHU
082 _axxxx
_bxxxx
245 0 0 _aEconomía política e investigación social / :
_b2da. recopilación /
_cLuis Gómez ; introducción Josefina Padilla.
260 _aSanto Domingo :
_bEdiciones dominicanas, populares,
_c1981.
300 _a320 p. ;
_c21 cm.
700 1 _aPadilla, Josefina
_920425
700 1 _aGómez, Luis
_99238
049 _aBNPD
999 _c41246
_d41246